| 000 | 01236nam a2200253 a 4500 | ||
|---|---|---|---|
| 005 | 20230621063612.0 | ||
| 008 | 040908s2001 mx r 000 0 spa d | ||
| 020 | _a8489967938 | ||
| 035 | _aUPN01000134594 | ||
| 049 | _aCG | ||
| 050 | 4 |
_aLB1027.25 _bM4.7 no. 46 |
|
| 100 | 1 |
_aVallés Arándiga, Antonio _929479 |
|
| 245 | 1 | 4 |
_aLas palabras. ¿Qué significan? ¿Para qué sirven? : _bDE.CO.LI. : semántica : modificadores, dativo, locativo-- pragmática y metalenguaje : situaciones comunicativas / _cAntonio Vallés Arándiga. |
| 260 |
_aMadrid : _bEOS, _c2001. |
||
| 300 | _a157 p. | ||
| 440 | 0 |
_aMétodo EOS ; _v46. _pCuaderno para el refuerzo de la comunicación y el lenguaje |
|
| 500 | _a"Nivel óptimo : alumnado de educación primaria con necesidades educativas en el desarrollo del lenguaje oral y la comunicación. Alumnado con n.e.e." | ||
| 500 | _a"Las palabras ¿Qué significan? ¿Para qué sirven? desarrollo de la compentencia ligüística DE.CO.LI." | ||
| 650 | 4 |
_aLingüística _xEstudio y enseñanza (Elemental) _927750 |
|
| 650 | 2 |
_aSemántica _93577 |
|
| 650 | 7 |
_aComunicación oral _xEstudio y enseñanza (Elemental) _2 _96703 |
|
| 650 | 4 |
_aProgramas de actividades en la educación _97928 |
|
| 905 | _aLibro | ||
| 999 |
_c106745 _d106745 |
||